[Event "American Continental"]
[Site "Buenos Aires ARG"]
[Date "2005.08.15"]
[Round "10"]
[White "Dominguez,L"]
[Black "Shulman,Y"]
[Result "1/2-1/2"]
[WhiteElo "2639"]
[BlackElo "2550"]

1.e4 e6 2.d4 d5 3.Nc3 Bb4 4.e5 c5 5.a3 Bxc3+ 6.bxc3 Ne7 7.Qg4 cxd4 8.Qxg7 Rg8
9.Qxh7 Qc7 10.Ne2 Nbc6 11.f4 Bd7 12.Qd3 dxc3 13.Rb1 O-O-O 14.Nxc3 Na5 15.g3 Kb8
16.Nb5 Bxb5 17.Rxb5 Rc8 18.Be3 b6 19.Bc5 Nf5 20.Bh3 Nb7 21.Bf2 Qxc2 22.Qxc2 Rxc2
23.O-O Nh4 24.Rb3 Na5 25.Rd3 Nc4 26.g4 Ng6 27.Bg3 Nd2 28.Rf2 Rc1+ 29.Kg2 Ne4
30.Re2 Rh8 31.f5 Nh4+ 32.Bxh4 Rxh4 33.fxe6 fxe6 34.Rxe4 dxe4 35.Re3 Rh8 36.Kg3 Rd8
37.Bg2 Rd3 38.Kf4 Rxe3 39.Kxe3 Rc2 40.Bxe4 Rxh2 41.g5 Rh8 42.Kf4 Kc8 43.g6 Kd7
44.Kg5 Rg8 45.Kh6 Rh8+ 46.Kg5 Rg8  1/2-1/2

[Event "American Continental"]
[Site "Buenos Aires ARG"]
[Date "2005.08.16"]
[Round "11"]
[White "Shulman,Y"]
[Black "Vescovi,G"]
[Result "0-1"]
[WhiteElo "2550"]
[BlackElo "2640"]

1.d4 Nf6 2.c4 e6 3.Nf3 b6 4.g3 Ba6 5.b3 d5 6.Bg2 Bb4+ 7.Bd2 Be7 8.Ne5 O-O
9.O-O Bb7 10.Nc3 Nbd7 11.cxd5 exd5 12.Bg5 h6 13.Bxf6 Nxf6 14.Qc2 Re8 15.Rfd1 Qc8
16.e3 c6 17.Rac1 Ba3 18.Rb1 Bd6 19.f4 Bb4 20.Qc1 Qf5 21.a3 Bf8 22.b4 Rad8
23.Rd2 Qe6 24.Qf1 Bc8 25.Rc1 Ng4 26.Bh3 h5 27.Nd1 c5 28.Nf2 cxb4 29.Nfxg4 hxg4
30.Bxg4 Qh6 31.Bxc8 Rxc8 32.axb4 Rxc1 33.Qxc1 Qe6 34.f5 Qxf5 35.Rf2 Rc8 36.Qe1 Qe4
37.Rf4 Bxb4 38.Rxe4 Bxe1 39.Rf4 f6 40.Nd3 Bd2 41.Kf2 Rc2 42.Rf5 a5 43.Rxd5 a4
44.Rd8+ Kf7 45.Rd7+ Ke6 46.Ra7 a3 47.Kf3 a2 48.Nf4+ Kd6 49.Nh5 Ba5 50.Nxg7 a1=Q
51.Ne8+ Kd5  0-1

[Event "WCC"]
[Site "Khanty Mansyisk RUS"]
[Date "2005.11.29"]
[Round "1.3"]
[White "Zvjaginsev,V"]
[Black "Shulman,Y"]
[Result "1/2-1/2"]
[WhiteElo "2659"]
[BlackElo "2565"]

1.e4 e6 2.d4 d5 3.e5 c5 4.c3 Qb6 5.Nf3 Nc6 6.Na3 cxd4 7.cxd4 Bd7 8.Nc2 Nb4
9.Ne3 Bb5 10.a3 Bxf1 11.Kxf1 Nc6 12.g3 Be7 13.Kg2 Nh6 14.g4 O-O-O 15.h3 f6
16.exf6 gxf6 17.Nxd5 Rxd5 18.Bxh6 Kb8 19.Rc1 Nxd4 20.Nxd4 Qxd4 21.Qe2 Qb6
22.b4 Qd6 23.Rc3 Bf8 24.Be3 Qd7 25.Re1 h5 26.Bf4+ e5 27.Bg3 hxg4 28.Qxg4 Bg7
29.Qxd7 Rxd7 30.h4 a6 31.Rc4 Ka7 32.a4 Bh6 33.Re2 Rg8 34.Kh2  1/2-1/2

[Event "WCC"]
[Site "Khanty Mansyisk RUS"]
[Date "2005.11.29"]
[Round "1.6"]
[White "Zvjaginsev,V"]
[Black "Shulman,Y"]
[Result "1/2-1/2"]
[WhiteElo "2659"]
[BlackElo "2565"]

1.Nf3 d5 2.c4 d4 3.g3 c5 4.e3 Nc6 5.exd4 cxd4 6.Bg2 e5 7.O-O Bd6 8.d3 Nge7
9.Na3 O-O 10.Nc2 Ng6 11.Rb1 a5 12.b3 h6 13.a3 Rb8 14.Nd2 Bd7 15.b4 axb4 16.Nxb4 Bxb4
17.axb4 b5 18.Ba3 Re8 19.Ne4 Na7 20.Nd6 Re6 21.c5 Bc6 22.Bh3 Re7 23.Bc1 Bd7
24.Bg2 Nc8 25.Nb7 Qc7 26.Na5 Na7 27.Bd2 Nc6 28.Ra1 Nxa5 29.Rxa5 Bc6 30.Qg4 Bxg2
31.Kxg2 Qc6+ 32.Qe4 Qe6 33.g4 Nh4+ 34.Kh1 f5 35.gxf5 Nxf5 36.Rfa1 Rf7 37.Ra6 Qe8
38.Ra8 Kh7 39.Rxb8 Qxb8 40.Ra8 Qc7 41.Re8 Qa7 42.Rxe5 Qa1+ 43.Kg2 g6 44.Re8 Qd1
45.Qe2 Nh4+ 46.Kh3 Qh1 47.f4 Nf5 48.Re6 Qd5 49.Qe4 Qa2  1/2-1/2

[Event "WCC"]
[Site "Khanty Mansyisk RUS"]
[Date "2005.11.29"]
[Round "1.4"]
[White "Shulman,Y"]
[Black "Zvjaginsev,V"]
[Result "1/2-1/2"]
[WhiteElo "2565"]
[BlackElo "2659"]

1.d4 Nf6 2.c4 e6 3.Nf3 d5 4.Nc3 Bb4 5.Bg5 O-O 6.e3 c5 7.cxd5 exd5 8.dxc5 Nbd7
9.Rc1 Nxc5 10.Qd4 Bxc3+ 11.Qxc3 Nce4 12.Bxf6 Nxf6 13.Bd3 Bg4 14.O-O Rc8 15.Qd4 Bxf3
16.gxf3 Qb6 17.Qxb6 axb6 18.a4 g6 19.Rfd1 Rfd8 20.Kf1 Kf8 21.Ke2  1/2-1/2

[Event "Foxwoods Open"]
[Site "Ledyards USA"]
[Date "2006.04.15"]
[Round "7"]
[White "Golod,V"]
[Black "Shulman,Y"]
[Result "1/2-1/2"]
[WhiteElo "2571"]
[BlackElo "2576"]

1.d4 d5 2.c4 e6 3.Nf3 Nf6 4.Nc3 c6 5.e3 Nbd7 6.Qc2 Bd6 7.Bd3 O-O 8.O-O dxc4
9.Bxc4 a6 10.Rd1 b5 11.Be2 Qc7 12.Ne4 Nxe4 13.Qxe4 e5 14.Qh4 Re8 15.dxe5 Nxe5
16.Bd2  1/2-1/2

[Event "Spring NAm GMA"]
[Site "Schaumburg USA"]
[Date "2006.04.18"]
[Round "2"]
[White "Shulman,Y"]
[Black "Mitkov,N"]
[Result "1-0"]
[WhiteElo "2576"]
[BlackElo "2561"]

1.d4 Nf6 2.c4 e6 3.Nc3 Bb4 4.e3 O-O 5.Ne2 Re8 6.a3 Bf8 7.e4 d5 8.e5 Nfd7
9.cxd5 exd5 10.Be3 c5 11.f4 Nb6 12.dxc5 Nc4 13.Bf2 Nxb2 14.Qd2 Nc4 15.Qxd5 Na5
16.Nd4 Nbc6 17.Nxc6 Nxc6 18.Qxd8 Rxd8 19.Nb5 b6 20.Nd6 bxc5 21.Bxc5 Na5 22.Rb1 Be6
23.Ba6 Nb3 24.Bb4 Rab8 25.Kf2 Rb6 26.Be2 a5 27.Bxa5 Rbxd6 28.Rxb3 Bxb3 29.exd6 Rxd6
30.Rb1 Ba4 31.Rb8 Re6 32.Bb4 Re8 33.Rxe8 Bxe8 34.Ke3 g6 35.Bxf8 Kxf8 36.Kd4 Bc6
37.Bf3 Bd7 38.Kc5 Ke7 39.Bc6 Bc8 40.a4 Kd8 41.Kb6 Bf5 42.a5 Bd3 43.Bb5 Be4
44.a6 Bxg2 45.a7  1-0

[Event "Spring NAm GMA"]
[Site "Schaumburg USA"]
[Date "2006.04.19"]
[Round "3"]
[White "Zatonskih,A"]
[Black "Shulman,Y"]
[Result "1-0"]
[WhiteElo "2433"]
[BlackElo "2576"]

1.e4 c5 2.c3 Nf6 3.e5 Nd5 4.Nf3 e6 5.d4 cxd4 6.cxd4 d6 7.Bc4 Nc6 8.O-O Be7
9.Qe2 O-O 10.Rd1 Bd7 11.Bd2 Qb6 12.Nc3 Nxc3 13.Bxc3 Nb4 14.exd6 Qxd6 15.Ne5 Nd5
16.Bd2 Bf6 17.Bd3 Rac8 18.h4 Bc6 19.Bg5 Bxg5 20.hxg5 Nf4 21.Qg4 Nxd3 22.Rxd3 Bd5
23.Rh3 Qe7 24.Qh5 h6 25.gxh6 g6 26.h7+ Kh8 27.Qxg6 f6 28.Nd3 Bc4 29.Nf4 e5
30.Qe4 Bf7 31.Re1 Rc4 32.b3 Rb4 33.Nd3 Rb5 34.dxe5 Bd5 35.Qd4 Be6 36.Nf4 Bf5
37.Rhe3 Bxh7 38.e6 Rd8 39.Qb2 Rg5 40.Rf3 Rdg8 41.g3 Rd8 42.Ng2 Kg7 43.Rfe3 Rgd5
44.Qe2 Rg5 45.Rd1 Rxd1+ 46.Qxd1 Rc5 47.Nf4 Bf5 48.Qd4 Rc1+ 49.Kg2 Kf8 50.Nd5 Bh3+  1-0

[Event "Spring NAm GMA"]
[Site "Schaumburg USA"]
[Date "2006.04.22"]
[Round "9"]
[White "Shulman,Y"]
[Black "Friedel,J"]
[Result "1-0"]
[WhiteElo "2576"]
[BlackElo "2465"]

1.d4 Nc6 2.c4 e5 3.d5 Nce7 4.g3 c6 5.Bg2 cxd5 6.cxd5 Nf6 7.Nf3 e4 8.Ng5 Nexd5
9.Nxe4 Bb4+ 10.Bd2 Be7 11.Nbc3 O-O 12.O-O Nb6 13.Be3 d5 14.Nxf6+ Bxf6 15.Bd4 Be6
16.Rc1 Rc8 17.b3 Bxd4 18.Qxd4 Qf6 19.Qxf6 gxf6 20.Nb5 Rfd8 21.Nxa7 Ra8 22.Nb5 Rxa2
23.Nd4 Kf8 24.Rc7 Rd7 25.Rc5 Ke7 26.Rfc1 Kd8 27.e3 Re7 28.Bf1 Ra8 29.Rb5 Rc7
30.Rd1 Nc8 31.e4 Rd7 32.exd5 Bxd5 33.Bh3 Rd6 34.Bxc8 Bf3 35.Bxb7 Bxd1 36.Bxa8 Rxd4
37.Rd5+ Rxd5 38.Bxd5 Ke7 39.b4 Be2 40.f4 Bb5 41.Kf2 f5 42.Ke3 f6 43.Kd4 Kd6
44.Bc4 Bc6 45.Bg8 h6 46.Kc4 Bg2 47.Kb5  1-0

[Event "34th World Open"]
[Site "Philadelphia USA"]
[Date "2006.07.04"]
[Round "9"]
[White "Shulman,Y"]
[Black "Friedel,J"]
[Result "1-0"]
[WhiteElo "2576"]
[BlackElo "2465"]

1.d4 Nf6 2.c4 e6 3.Nf3 c5 4.d5 b5 5.dxe6 fxe6 6.cxb5 d5 7.g3 Bd6 8.Bg2 O-O
9.O-O Bb7 10.Nbd2 Nbd7 11.b3 Qb6 12.Bb2 Rae8 13.e4 Nxe4 14.Nxe4 dxe4 15.Nd2 Be5
16.Bxe5 Nxe5 17.Nxe4 Rd8 18.Qe2 a6 19.Ng5 Bxg2 20.Kxg2 Rf5 21.f4 axb5 22.g4 Rxg5
23.fxg5 Qc6+ 24.Kg1 Nd3 25.Qf3 Qxf3 26.Rxf3 c4 27.Rd1 e5 28.Re3 Rd4 29.bxc4 bxc4
30.h3 c3 31.Rdxd3 c2 32.Rc3 Rd1+ 33.Kf2 c1=Q 34.Rxc1 Rxc1 35.Rxe5 Rc2+ 36.Re2 Rc3
37.Kg2 Kf7 38.a4 Ra3 39.Re4 Ra2+ 40.Kg1 Ra1+ 41.Kf2 Ra2+ 42.Kf1 Ra1+ 43.Ke2 Ra2+
44.Kd1 Rh2 45.a5 Ra2 46.Re5 Rh2 47.Kc1 Rxh3 48.Kb2 Rh2+ 49.Kb3 Rh1 50.Re2 Rg1
51.Re4 Kg6 52.a6 Rb1+ 53.Ka2 Rb8 54.Re5 Ra8 55.Ra5 Kf7 56.a7 Ke6 57.Kb3 Kd6
58.Kb4 Kc6 59.Ra6+ Kd5 60.Kb5 Ke5 61.Ra4  1-0

[Event "107th Annual US Open"]
[Site "Chicago USA"]
[Date "2006.08.10"]
[Round "6"]
[White "Shulman,Y"]
[Black "Benjamin,Joe"]
[Result "1/2-1/2"]
[WhiteElo "2602"]
[BlackElo "2552"]

1.d4 Nf6 2.c4 e6 3.Nf3 Nc6 4.a3 d6 5.Nc3 g6 6.g3 Bg7 7.Bg2 O-O 8.O-O Re8
9.Re1 a6 10.e3 Rb8 11.b4 e5 12.Bb2 exd4 13.exd4 Rxe1+ 14.Qxe1 Bg4 15.Qd2 Qd7
16.Re1 Re8 17.Rxe8+ Qxe8 18.d5 Bxf3 19.Bxf3 Ne5 20.Be2 Ned7 21.Qc2 Ne4 22.Nxe4 Bxb2
23.Nxd6 Qe5 24.Nxb7 Bxa3 25.b5 axb5 26.cxb5 Bf8 27.Qa2 Nc5 28.Nxc5 Bxc5 29.Qc4 Bb6
30.Kg2 Kg7 31.h4 h5 32.Qd3  1/2-1/2

[Event "107th Annual US Open"]
[Site "Chicago USA"]
[Date "2006.08.11"]
[Round "7"]
[White "Almeida Saenz,A"]
[Black "Shulman,Y"]
[Result "0-1"]
[WhiteElo "2400"]
[BlackElo "2602"]

1.d4 Nf6 2.Bg5 e6 3.e4 h6 4.Bxf6 Qxf6 5.Nc3 Bb4 6.Qd3 d5 7.e5 Qd8 8.a3 Be7
9.f4 b6 10.O-O-O Ba6 11.Qg3 O-O 12.Bxa6 Nxa6 13.f5 exf5 14.Qd3 Nb8 15.Qxf5 b5
16.Nf3 b4 17.axb4 Bxb4 18.e6 Bxc3 19.bxc3 Qd6 20.exf7+ Rxf7 21.Qe5 Qc6 22.c4 dxc4
23.d5 Qa4 24.Qc3 Nd7 25.Rd4 Nb6 26.Ne5 Rf5 27.Nxc4 Nxd5 28.Qb2 Qe8 29.Rhd1 Nf4
30.Qa2 Ne2+ 31.Kd2 Kh8 32.Rd3 Rf2 33.Re3 Qd8+ 34.Ke1 Rf1+ 35.Kxf1 Qxd1+ 36.Kf2 Rf8+
37.Rf3 Qg1+  0-1

[Event "107th Annual US Open"]
[Site "Chicago USA"]
[Date "2006.08.12"]
[Round "8"]
[White "Shulman,Y"]
[Black "Shabalov,A"]
[Result "1-0"]
[WhiteElo "2602"]
[BlackElo "2604"]

1.d4 d5 2.c4 c6 3.Nf3 Nf6 4.Nc3 a6 5.a4 e6 6.Bg5 h6 7.Bh4 dxc4 8.a5 c5 9.Bxf6 Qxf6
10.d5 Qd8 11.Ne5 Nd7 12.Nxc4 Be7 13.dxe6 fxe6 14.g3 b5 15.axb6 Bb7 16.e4 O-O
17.Bh3 Rf6 18.Qb3 Nb8 19.Rd1 Qf8 20.Ne5 Rxf2 21.Qxe6+ Kh7 22.Qg6+ Kh8 23.Qg4 Kh7
24.Ng6 Qf6 25.Nxe7 Nc6 26.Ned5 Qf7 27.Nf4 Bc8 28.Rd7 Bxd7 29.Qxd7 Qxd7 30.Bxd7  1-0

[Event "UTD GM Invitational"]
[Site "Dallas USA"]
[Date "2006.12.06"]
[Round "2"]
[White "Kuljasevic,D"]
[Black "Shulman,Y"]
[Result "1-0"]
[WhiteElo "2448"]
[BlackElo "2614"]

1.d4 Nf6 2.c4 g6 3.Nf3 Bg7 4.g3 c5 5.Nc3 Qa5 6.Bg2 Nc6 7.O-O cxd4 8.Nxd4 Qc5
9.Ndb5 O-O 10.Bf4 d6 11.Rc1 Qh5 12.Nc7 Bh3 13.Nxa8 Ng4 14.Qd5 e5 15.Bxh3 Qxh3
16.Qg2 Qh5 17.Bd2 Rxa8 18.f3 Nh6 19.g4 Qh4 20.Ne4 Qe7 21.Bg5 Qe6 22.Rfd1 Nd4
23.e3 f5 24.exd4 fxe4 25.d5 Qd7 26.fxe4 Nxg4 27.Rf1 Rc8 28.Rf3 Nh6 29.Qh3 Ng4
30.Qg2 Nh6 31.Qh3 Ng4 32.Rg3 h5 33.Qg2 Kh7 34.h3 Nh6 35.Be3 Qe8 36.Kh1 Ng8
37.Rg1 Ne7 38.Bg5 Ng8 39.Bh4 Bh6 40.Rxg6 Qf7 41.Rxd6 Be3 42.Rd7 Qxd7 43.Qg6+ Kh8
44.Bf6+ Nxf6 45.Qxf6+ Kh7 46.Qg6+ Kh8 47.Qxh5+  1-0

[Event "UTD GM Invitational"]
[Site "Dallas USA"]
[Date "2006.12.07"]
[Round "3"]
[White "Shulman,Y"]
[Black "Kiewra,K"]
[Result "1-0"]
[WhiteElo "2614"]
[BlackElo "2264"]

1.d4 Nf6 2.c4 g6 3.Nc3 Bg7 4.e4 d6 5.Nf3 O-O 6.Be2 e5 7.Be3 exd4 8.Nxd4 Re8
9.f3 c6 10.Bf2 d5 11.exd5 cxd5 12.c5 Nc6 13.O-O Nh5 14.Qd2 Be5 15.g3 Ng7
16.Rfd1 Be6 17.Ncb5 a6 18.f4 axb5 19.fxe5 Nxe5 20.Nxb5 Qd7 21.Nd6 Re7 22.Qf4 Bg4
23.Rxd5 Bxe2 24.Rxe5 Rxe5 25.Qxe5 Qe6 26.Qxe6 Nxe6 27.Nxb7 Rb8 28.c6 Bf3
29.Rc1 Bxc6 30.Rxc6 Rxb7 31.Rc2 Kf8 32.Kf1 Ke7 33.Ke2 Kd6 34.Kd3 Kd5 35.b3 h5
36.Rc4 g5 37.Kc3 f5 38.a4 f4 39.gxf4 gxf4 40.a5  1-0

[Event "UTD GM Invitational"]
[Site "Dallas USA"]
[Date "2006.12.09"]
[Round "6"]
[White "Shulman,Y"]
[Black "Ramirez,Alej"]
[Result "1-0"]
[WhiteElo "2614"]
[BlackElo "2485"]

1.d4 Nf6 2.c4 c5 3.d5 b5 4.cxb5 a6 5.bxa6 Bxa6 6.Nc3 g6 7.e4 Bxf1 8.Kxf1 d6
9.Nge2 Bg7 10.h3 O-O 11.Kg1 Nbd7 12.Kh2 Qa5 13.Qc2 Rfb8 14.Rb1 Rb4 15.Rd1 Rab8
16.Kg1 Qa6 17.b3 c4 18.Nd4 cxb3 19.axb3 Ne5 20.Be3 Rc8 21.Qd2 Nh5 22.Na2 Rb7
23.Nb4 Qa5 24.Ndc6 Nxc6 25.Nxc6 Qxd2 26.Rxd2 Nf6 27.f3 Kf8 28.b4 Ra8 29.b5 Nd7
30.Rc2 f5 31.b6 fxe4 32.fxe4 Ke8 33.Rb5 Ra3 34.Na5 Rxe3 35.Nxb7 Bd4 36.Kf1 Bxb6
37.Rc6 Bc5 38.Rc8+ Kf7 39.Rc7 Ke8 40.Ra5  1-0

[Event "UTD GM Invitational"]
[Site "Dallas USA"]
[Date "2006.12.10"]
[Round "7"]
[White "Boskovic,D"]
[Black "Shulman,Y"]
[Result "1/2-1/2"]
[WhiteElo "2444"]
[BlackElo "2614"]

1.e4 e6 2.d4 d5 3.Nd2 h6 4.c3 c5 5.Ngf3 Nf6 6.Bd3 cxd4 7.cxd4 dxe4 8.Nxe4 Nxe4
9.Bxe4 Bb4+ 10.Bd2 Bxd2+ 11.Qxd2 O-O 12.Ne5 Nd7 13.Nxd7 Bxd7 14.Bxb7 Rb8
15.Bf3 Qb6 16.b3 Bb5 17.Be2 Rfd8 18.Rd1 Bxe2 19.Qxe2 Rxd4 20.O-O Rbd8 21.Rxd4 Qxd4
22.Rc1 g6 23.h3 h5 24.Qc2 a5 25.a3 Rd5 26.Rb1 Rc5 27.Qb2 Qd3 28.b4 Rc2 29.Qe5 a4
30.Qb8+ Kg7 31.Qe5+ Kg8 32.Qb8+ Kg7 33.Qe5+ f6 34.Qe1 Qxa3 35.Qxe6 Rc1+ 36.Kh2 Rxb1
37.Qe7+ Kg8 38.Qe8+ Kg7 39.Qe7+ Kg8 40.Qe8+ Kh7 41.Qf7+ Kh6 42.Qf8+ Kg5 43.Qc5+ f5
44.f4+ Kf6  1/2-1/2

[Event "UTD GM Invitational"]
[Site "Dallas USA"]
[Date "2006.12.11"]
[Round "9"]
[White "Bartholomew,J"]
[Black "Shulman,Y"]
[Result "1/2-1/2"]
[WhiteElo "2411"]
[BlackElo "2614"]

1.Nf3 d5 2.d4 Nf6 3.c4 e6 4.Nc3 c6 5.Bg5 dxc4 6.e4 b5 7.e5 h6 8.Bh4 g5 9.Nxg5 hxg5
10.Bxg5 Nbd7 11.g3 Rg8 12.h4 Rxg5 13.hxg5 Nd5 14.g6 fxg6 15.Qg4 Qe7 16.Bg2 Kd8
17.Qxg6 Qb4 18.Qc2 Qa5 19.Kf1 Be7 20.Rh8+ Nf8 21.g4 b4  1/2-1/2

[Event "UTD GM Invitational"]
[Site "Dallas USA"]
[Date "2006.12.12"]
[Round "10"]
[White "Shulman,Y"]
[Black "Schneider,Ig"]
[Result "1-0"]
[WhiteElo "2614"]
[BlackElo "2369"]

1.d4 d5 2.c4 e6 3.Nf3 c6 4.Nc3 dxc4 5.a4 Bb4 6.e3 b5 7.Bd2 Qe7 8.g3 Nf6 9.Bg2 Bb7
10.O-O a6 11.Qc2 O-O 12.e4 Bxc3 13.bxc3 c5 14.Rfe1 h6 15.Rab1 cxd4 16.cxd4 Qd7
17.Bc3 Nc6 18.axb5 axb5 19.Rxb5 Nh7 20.Rc5 Ba6 21.d5 Ne7 22.Nd4 exd5 23.exd5 Rac8
24.Nc6 Rfe8 25.Bh3 Qxh3 26.Nxe7+ Kh8 27.Rxc8  1-0

[Event "9th Open"]
[Site "Foxwoods USA"]
[Date "2007.04.06"]
[Round "4"]
[White "Andrianov,Nikolay"]
[Black "Shulman,Y"]
[Result "0-1"]
[WhiteElo "2141"]
[BlackElo "2600"]

1.d4 e6 2.g3 c5 3.Nf3 Nc6 4.Bg2 Qb6 5.e3 Nf6 6.O-O d5 7.b3 Be7 8.Bb2 O-O
9.Nbd2 Bd7 10.c4 Rfd8 11.cxd5 exd5 12.dxc5 Qxc5 13.a3 Qb6 14.Qb1 Bg4 15.h3 Bh5
16.b4 Bg6 17.Qa2 a5 18.bxa5 Rxa5 19.Nd4 Qa6 20.Nxc6 bxc6 21.Rfc1 Rb8 22.Nb3 Rab5
23.Bf1 Rxb3 24.Bxa6 Rxb2 25.Rxc6 Rxa2 26.Rxa2 Bf5 27.g4 Be6 28.a4 d4 29.Bc4 Rb1+
30.Kg2 Rc1 31.Rxe6 fxe6 32.Bxe6+ Kf8 33.exd4 Rc6 34.d5 Rd6 35.a5 Nxd5 36.Bxd5 Rxd5
37.a6 Rd8 38.a7 Ra8 39.f4 Ke8 40.g5 Kd7 41.h4 Bc5 42.Kf3 Rxa7 43.Rxa7+ Bxa7
44.Ke4 Bf2 45.h5 Bh4 46.Kf5 Ke7 47.Ke5 Kf7 48.Kf5 Be1 49.Kg4 Bd2 50.f5 h6  0-1

[Event "9th Open"]
[Site "Foxwoods USA"]
[Date "2007.04.07"]
[Round "6"]
[White "Sarkar,J"]
[Black "Shulman,Y"]
[Result "0-1"]
[WhiteElo "2418"]
[BlackElo "2600"]

1.d4 Nf6 2.c4 g6 3.Nc3 Bg7 4.e4 d6 5.f3 O-O 6.Bg5 c5 7.d5 e6 8.Qd2 exd5 9.Nxd5 Be6
10.Ne2 Bxd5 11.cxd5 Nbd7 12.Nc3 a6 13.Rc1 b5 14.b3 h6 15.Be3 Nh5 16.g4 Nhf6
17.h4 h5 18.g5 Ne5 19.gxf6 Nxf3+ 20.Kd1 Nxd2 21.fxg7 Re8 22.Kxd2 b4 23.Nd1 Rxe4
24.Rc4 Rxc4 25.Bxc4 Qa5 26.Kc2 Qxa2+ 27.Nb2 Re8 28.Bf4 Re4 29.Bxd6 Re3  0-1

[Event "ch-USA"]
[Site "Stillwater USA"]
[Date "2007.05.20"]
[Round "6"]
[White "Shulman,Y"]
[Black "Ibragimov,I"]
[Result "1/2-1/2"]
[WhiteElo "2600"]
[BlackElo "2602"]

1.d4 d5 2.c4 c6 3.Nf3 Nf6 4.Nc3 a6 5.a4 Nbd7 6.Bf4 e6 7.e3 Bb4 8.Qb3 Qa5
9.Nd2 b5 10.cxb5 axb5 11.Bc7 Qxc7 12.Qxb4 bxa4 13.Nxa4 c5 14.dxc5 O-O 15.Rc1 Bb7
16.Nb3 Rfb8 17.Nb6 Nxb6 18.cxb6 Qd8 19.Qd4 Bc8 20.Be2 Rxb6 21.Nd2 Rab8 22.b3 Qd6
23.O-O e5 24.Qc5 Be6 25.Qxd6 Rxd6 26.Rc5 Nd7 27.Rc7 Kf8 28.Rfc1 Rdb6 29.f3 R8b7
30.Rc8+ Ke7 31.Kf2 h5 32.Ke1 Ra7 33.Bd3 g6 34.R8c7 Rxc7 35.Rxc7 Kd6 36.Ra7 Nc5
37.Bc2 Na6 38.Bd3 Nc5 39.Bc2 Ra6 40.Rxa6+ Nxa6 41.Bd3 Nb4 42.Ke2 Kc5 43.e4 Nxd3
44.Kxd3 d4 45.g3 Bc8 46.f4 Ba6+ 47.Kc2 Be2 48.fxe5 Kb4 49.Nb1 g5 50.Nd2 d3+
51.Kc1 Kc3 52.Nc4 Bg4 53.Nd2 Be6 54.Nb1+ Kd4 55.b4 Ke3 56.b5 Ke2 57.b6 Bc8
58.Nd2 Bb7 59.Nb1 Ke1 60.Nd2 g4 61.Nc4 Bxe4 62.Nd2 Bd5 63.Nb1 Ba8 64.Nd2 Bb7
65.Nc4 Bh1 66.Nd2 Bg2 67.Nc4 Ke2 68.Nd2 Bd5 69.Nb1 Ba8 70.Nd2 Bb7 71.Nc4 Bd5
72.Nd2 Ke3 73.Nb1 Bc6 74.Nd2 Kd4 75.Kb2 Bd5 76.Nf1 Ba8 77.Nd2 Bd5 78.Nf1 Kxe5
79.Kc3 Ke4 80.Kd2 Bb7 81.Ne3 Ba6 82.Ng2 f5 83.Ne1 f4 84.gxf4 Kxf4 85.Nxd3+ Kf3
86.Ke1 Kg2 87.Nf4+ Kxh2 88.Nxh5 g3 89.Nxg3  1/2-1/2

[Event "16th Chicago Open"]
[Site "Oak Brook USA"]
[Date "2007.05.26"]
[Round "3"]
[White "Shulman,Y"]
[Black "Bercys,S"]
[Result "1-0"]
[WhiteElo "2600"]
[BlackElo "2438"]

1.d4 Nf6 2.c4 g6 3.Nc3 Bg7 4.e4 d6 5.Nf3 O-O 6.Be2 e5 7.Be3 Ng4 8.Bg5 f6
9.Bh4 Nc6 10.d5 Ne7 11.Nd2 Nh6 12.f3 g5 13.Bf2 f5 14.c5 Ng6 15.g3 fxe4 16.fxe4 Bh3
17.Be3 b6 18.c6 a6 19.Rg1 Qe7 20.Nb3 Qf6 21.a4 Kh8 22.Kd2 Qd8 23.Kc2 Qc8
24.Qd2 Ng4 25.Bxg4 Qxg4 26.Nc1 Qh5 27.Nd3 Rae8 28.Bxg5 Rf3 29.Rae1 Ref8 30.Nd1 Bc8
31.h4 h6 32.Be3 Ne7 33.N1f2 Qg6 34.h5 Qh7 35.a5 b5 36.Kc1 Ng8 37.Qe2 R3f7
38.g4 Bf6 39.Rh1 Be7 40.Reg1 Rf3 41.Bd2 Qg7 42.Rh3 R3f7 43.Kc2 Bg5 44.Rh2 Bxd2
45.Qxd2 Qg5 46.Qxg5 hxg5 47.Nh3 Rg7 48.Rf2 Rxf2+ 49.Nhxf2 Nh6 50.Kd2 Rf7
51.Nh3 Rg7 52.Ndf2 Kg8 53.Rg3 Kh7 54.Ke2 Kg8 55.Ng1 Kf7 56.Nf3 Kf6 57.Ne1 Ke7
58.Ng2 Rf7 59.Ne3 Rf4 60.Rf3 Rxf3 61.Kxf3 Kf6 62.Nf5 Nf7 63.Nd1 Nh8 64.Nc3 Kf7
65.Ke3  1-0

[Event "16th Chicago Open"]
[Site "Oak Brook USA"]
[Date "2007.05.27"]
[Round "5"]
[White "Shulman,Y"]
[Black "Milov,V"]
[Result "1/2-1/2"]
[WhiteElo "2600"]
[BlackElo "2676"]

1.d4 Nf6 2.c4 e6 3.Nc3 Bb4 4.e3 O-O 5.Ne2 Re8 6.a3 Bf8 7.e4 d5 8.e5 Nfd7
9.cxd5 exd5 10.Be3 c5 11.f4 Nc6 12.dxc5 Nxc5 13.Nxd5 Bg4 14.h3 Be6 15.Rc1 Ne4
16.Ndc3 Bc5 17.Bxc5 Nxc5 18.Qxd8 Raxd8 19.Ng3 f6 20.Nb5 Nd3+ 21.Bxd3 Rxd3
22.Rc3 Rxc3 23.Nxc3 fxe5 24.f5 Bc4 25.Nge4 Rd8 26.Kf2 Rd4 27.g4 b5 28.Rd1 b4
29.axb4 Nxb4 30.Nc5 Kf7 31.b3 Rxd1 32.Nxd1 Bb5 33.Nc3 Bc6 34.N3e4 Ke7 35.h4 h6
36.g5 hxg5 37.hxg5  1/2-1/2

[Event "16th Chicago Open"]
[Site "Oak Brook USA"]
[Date "2007.05.28"]
[Round "6"]
[White "Ehlvest,J"]
[Black "Shulman,Y"]
[Result "0-1"]
[WhiteElo "2640"]
[BlackElo "2600"]

1.c4 g6 2.d4 Nf6 3.Nc3 Bg7 4.Nf3 O-O 5.Bg5 d6 6.e3 h6 7.Bh4 c5 8.Be2 cxd4
9.Nxd4 Nc6 10.O-O Bd7 11.a3 Rc8 12.b4 a5 13.Qb3 g5 14.Bg3 axb4 15.axb4 Qb6
16.Ndb5 Be6 17.Qa3 Nd7 18.Na4 Qd8 19.Rac1 Ra8 20.Qb3 Nb6 21.Nb2 f5 22.f4 Kh8
23.Rfd1 Bg8 24.Be1 Nc8 25.Qc2 e5 26.fxe5 Nxe5 27.c5 d5 28.Nc4 Qf6 29.Nxe5 Qxe5
30.Rd3 f4 31.Bc3 Qe7 32.Bxg7+ Qxg7 33.Qd2 Ne7 34.Nd6 Ng6 35.b5 fxe3 36.Rxe3 d4
37.Rf3 Ra2 38.Rc2 Ra1+ 39.Rf1 d3  0-1

[Event "16th Chicago Open"]
[Site "Oak Brook USA"]
[Date "2007.05.28"]
[Round "7"]
[White "Shulman,Y"]
[Black "Erenburg,S"]
[Result "1/2-1/2"]
[WhiteElo "2600"]
[BlackElo "2574"]

1.d4 d5 2.c4 c6 3.Nf3 Nf6 4.Nc3 e6 5.e3 a6 6.c5 Nbd7 7.b4 g6 8.Bb2 Bg7 9.Na4 O-O
10.Bd3 Re8 11.O-O Qc7 12.h3 Nh5 13.Be2 Nhf6 14.Bd3 Nh5 15.Be2 Nhf6 16.Bd3  1/2-1/2

[Event "35th World Open"]
[Site "King of Prussia USA"]
[Date "2007.06.02"]
[Round "5"]
[White "Sadvakasov,D"]
[Black "Shulman,Y"]
[Result "1-0"]
[WhiteElo "2618"]
[BlackElo "2600"]

1.e4 e6 2.d4 d5 3.Nc3 Bb4 4.e5 c5 5.a3 Bxc3+ 6.bxc3 Ne7 7.Nf3 b6 8.Bb5+ Bd7
9.Bd3 Qc7 10.h4 Ba4 11.O-O Nd7 12.h5 h6 13.Re1 a6 14.Rb1 Qc6 15.dxc5 bxc5
16.c4 Nb6 17.cxd5 Nbxd5 18.Bd2 c4 19.Be4 c3 20.Bc1 Qc4 21.Nd4 Bd7 22.Nb3 O-O
23.Bd3 Qc7 24.Nd4 Nc6 25.Nxc6 Bxc6 26.Qg4 Kh8 27.Qe4 Nf6 28.Qc4 Nd5 29.a4 Rfc8
30.Qe4 Nf6 31.Qh4 Nd5 32.Ba3 Qd7 33.Re4 Qd8 34.Qg3 Qd7 35.Rd4 Bxa4 36.Rd1 Bb5
37.Be4 Be2 38.Re1 Bxh5 39.Qh3 Bg6 40.Bxd5 Ra7 41.Rc4 Bf5 42.Rxc8+ Qxc8 43.Qe3 Rd7
44.Be4 Qc4 45.Bd6 a5 46.Bxf5 exf5 47.Qf3  1-0

[Event "35th World Open"]
[Site "King of Prussia USA"]
[Date "2007.06.04"]
[Round "8"]
[White "Shulman,Y"]
[Black "Bartholomew,J"]
[Result "1-0"]
[WhiteElo "2600"]
[BlackElo "2419"]

1.d4 Nf6 2.c4 c5 3.d5 b5 4.cxb5 a6 5.bxa6 g6 6.Nc3 Bxa6 7.e4 Bxf1 8.Kxf1 d6
9.Nge2 Bg7 10.h3 O-O 11.Kg1 Nbd7 12.Qc2 Qa5 13.Rb1 Rfb8 14.Kh2 Ne8 15.Bg5 Qa6
16.Rhd1 Nc7 17.f4 Bf6 18.Bxf6 exf6 19.Rd2 Kg7 20.Re1 Rb4 21.b3 Re8 22.Ng1 c4
23.Nf3 Nc5 24.Nd4 cxb3 25.axb3 Qa3 26.Na2 Nxd5 27.Nxb4 Qxb4 28.Nc6 Qc3 29.Qxc3 Nxc3
30.Rxd6 N3xe4 31.Rd8 Re6 32.Nd4 Rb6 33.f5 Nd2 34.b4 Rxb4 35.Nc2  1-0

[Event "35th World Open"]
[Site "King of Prussia USA"]
[Date "2007.06.30"]
[Round "2"]
[White "Shulman,Y"]
[Black "Tanaka,C"]
[Result "1-0"]
[WhiteElo "2600"]
[BlackElo "2116"]

1.d4 Nf6 2.c4 g6 3.Nc3 Bg7 4.e4 d6 5.Nf3 O-O 6.Be2 e5 7.Be3 Ng4 8.Bg5 f6
9.Bh4 Qe8 10.O-O f5 11.dxe5 Nxe5 12.Nxe5 Bxe5 13.Nd5 Rf7 14.f4 Bg7 15.exf5 Bxf5
16.g4 Be4 17.f5 gxf5 18.gxf5 c6 19.f6 cxd5 20.fxg7 Rxg7+ 21.Bg3 Nc6 22.cxd5 Qe5
23.Bg4 Qxd5 24.Qxd5+ Bxd5 25.Rfd1 Rxg4 26.Rxd5 Rd4 27.Rxd6 Rxd6 28.Bxd6 Rd8
29.Bf4 Kf7 30.Kf2 Kf6 31.Rg1 Kf5 32.Be3 Rd7 33.a3 a6 34.Rc1 Ke4 35.Rc4+ Kd3
36.Rc3+ Ke4 37.Ke2 Rg7 38.Rc4+ Kd5 39.Rh4 Ne5 40.Bf2 Re7 41.Rd4+ Ke6 42.Bg3 Kf5
43.Rf4+ Ke6 44.Kd2 Kd5 45.Rf5 Ke4 46.Rf6 Rd7+ 47.Kc3 Nc6 48.Re6+ Kd5 49.Re2 Rf7
50.Rd2+ Kc5 51.Bf2+ Kb5 52.Rd5+ Ka4 53.Bg3 b5 54.Rd6 b4+ 55.axb4 Nxb4 56.Rh6 a5
57.Rh5 Rf3+ 58.Kc4 Rb3 59.Rxa5+ Kxa5 60.Kxb3 Kb5 61.Kc3 Nc6 62.Bd6 Nd8 63.Kd4 Ka4
64.Kc4 Nc6 65.Bc7 h5 66.h4 Ne7 67.b3+  1-0

[Event "North American Open"]
[Site "Las Vegas USA"]
[Date "2007.12.28"]
[Round "4"]
[White "Shulman,Y"]
[Black "Shabalov,A"]
[Result "0-1"]
[WhiteElo "2616"]
[BlackElo "2626"]

1.d4 d5 2.c4 c6 3.Nf3 Nf6 4.Nc3 a6 5.a4 e6 6.Bg5 h6 7.Bxf6 Qxf6 8.g3 Bb4
9.Bg2 O-O 10.O-O a5 11.Qb3 Nd7 12.e4 dxc4 13.Qxc4 e5 14.d5 Nb6 15.Qb3 Rd8
16.Nd2 Bd7 17.Kh1 Rac8 18.h3 Qg6 19.Nf3 Qh5 20.Kh2 cxd5 21.Nxd5 Nxd5 22.exd5 e4
23.Nd4 Qe5 24.Nc2 Bc5 25.f4 exf3 26.Rxf3 Bf5 27.Re1 Be4 28.Rc3 f5 29.Bxe4 fxe4
30.Ne3 Bd6 31.Nc4 Qd4 32.Qc2 Bb4 33.Rxe4 Qxd5 34.Rce3 Rf8 35.b3 Qf5 36.Qg2 Bc5
37.Re1 Qg6 38.R1e2 Qg5 39.Re5 Qc1 40.Re1 Qc3 41.Qd5+ Kh8 42.R1e2 Rf2+ 43.Rxf2 Bxf2
44.Qg2 Qxb3 45.Qxf2 Qxc4 46.Rxa5 Re8 47.Rc5 Qxa4 48.Qb2 Qd1 49.Rc2 b5 50.Rf2 Qe1
51.h4 b4 52.Rc2 Qe4 53.Rf2 Rc8 54.Qb3 Kh7 55.Qd1 Rc3 56.Qd2 Re3 57.Qb2 b3
58.Rg2 Qd3 59.Rd2 Qf1 60.Rf2 Qe1 61.Kg2 Rc3 62.Qa3 Qe5 63.Rf4 Qe3  0-1